| 000 | nam a22 7a 4500 | ||
|---|---|---|---|
| 999 |
_c30401 _d30401 |
||
| 008 | 190520b xxu||||| |||| 00| 0 eng d | ||
| 020 | _a9987210015 | ||
| 040 | _amksu | ||
| 050 |
_aPL 8704 _b.W325 1994 |
||
| 100 | _aWaziri, Taimuni Issa. | ||
| 245 |
_aWasia wa maskini / _cTaimuni Issa Waziri. |
||
| 300 |
_a18p. : _bill.(col.) ; _c21cm. |
||
| 650 | _aSwahili language. | ||
| 942 |
_2lcc _cAFRICANA _hPL 8704 .W325 1994 |
||